000 01299nam a22002057a 4500
001 8469
003 FISKH
005 20250915111435.0
008 250915b cb ||||| |||| 00| 0 eng d
020 _a9781316509227
040 _aFISKH
_beng
_cFISKH
_dFISKH
082 _a510.76
100 _aMoseley, Cherri
245 _aCambridge Primary Mathematics Challenge 3 /
_cBy Cherri Moseley and Janet Rees
260 _aCambridge :
_bCambridge University Press ,
_c2016.
300 _a80 pages :
_billustrations ;
_c28 cm .
520 _aCambridge Primary Mathematics is a flexible and engaging course written specifically for Cambridge Primary Mathematics Curriculum Stages 1 to 6. The course offers a discussion-led approach with problem-solving integrated throughout. The language is pitched to ESL learners with illustrations to support visual understanding. The Challenge Books provide extension activities for children who need more challenging activities to stretch their skills beyond the required standard for success. They include a full range of carefully levelled activities which help deepen a child's understanding, plus helpful guidance for explaining to the learner, teacher or parent the key mathematical concepts underpinning each exercise.
942 _2ddc
_cBK
_n0
999 _c8469
_d8469